[Event "13th Africa-ch"]
[Site "Oran ALG"]
[Date "2017.07.02"]
[Round "1"]
[White "Bengherabi, Khalil"]
[Black "Amin, Bassem"]
[Result "1/2-1/2"]
[WhiteElo "2230"]
[BlackElo "2672"]
[EventDate "2017.07.02"]
[PlyCount "144"]

1.e4 e5 2.Nf3 Nc6 3.d4 exd4 4.Nxd4 Nf6 5.Nc3 Bb4 6.Nxc6 bxc6 7.Bd3 d5 8.
exd5 cxd5 9.O-O O-O 10.Bg5 c6 11.Qf3 Be7 12.h3 h6 13.Bh4 Rb8 14.b3 Rb4 15.
Bg3 Nh7 16.Rae1 Ng5 17.Qe3 Ne6 18.Ne2 Bc5 19.Qd2 Qg5 20.Qxg5 hxg5 21.c3 
Rb7 22.Nd4 Bxd4 23.cxd4 Rd8 24.Rc1 Bd7 25.Bd6 Re8 26.Bc5 Nxc5 27.Rxc5 Kf8 
28.Rd1 Ke7 29.Bc2 Kd6 30.a3 Ra8 31.Kf1 a5 32.Ke2 Rbb8 33.Kd2 Rh8 34.f3 f5 
35.Re1 g4 36.hxg4 fxg4 37.fxg4 Rh2 38.Rg1 Bxg4 39.Bd1 Rh4 40.Kc3 Bxd1 41.
Rxd1 Rg4 42.Rd2 Rb8 43.Kb2 Ra8 44.Rc3 Kd7 45.Rc5 Ra6 46.Rc3 Ra7 47.Re3 Kc7
48.a4 Kd6 49.Rde2 Rf7 50.Kc3 Rff4 51.Re6+ Kc7 52.Kb2 Rf6 53.Rxf6 gxf6 54.
Kc3 Rg3+ 55.Kc2 Kd7 56.Rf2 Ke6 57.Re2+ Kf5 58.Rf2+ Kg5 59.Rd2 f5 60.Kb2 f4
61.Rc2 Kf5 62.Re2 Rg6 63.b4 axb4 64.Kb3 Rg3+ 65.Kxb4 Rd3 66.Kc5 Re3 67.Rd2
Ra3 68.Kxc6 Ke4 69.Kb5 Ra1 70.Rf2 Rb1+ 71.Kc5 Rc1+ 72.Kb6 Rb1+ 1/2-1/2

[Event "13th Africa-ch"]
[Site "Oran ALG"]
[Date "2017.07.02"]
[Round "1"]
[White "Adly, Ahmed"]
[Black "Silva, David"]
[Result "1-0"]
[WhiteElo "2620"]
[BlackElo "2205"]
[EventDate "2017.07.02"]
[PlyCount "53"]

1.d4 Nf6 2.Nf3 g6 3.c4 Bg7 4.g3 O-O 5.Bg2 d6 6.O-O c6 7.Nc3 Qb6 8.e4 Bg4 
9.Qd3 Na6 10.Be3 c5 11.e5 Nb4 12.Qd2 Nd7 13.exd6 Bxf3 14.dxc5 Qc6 15.Nd5 
Bxd5 16.cxd5 Qa4 17.dxe7 Rfe8 18.d6 Nc6 19.Rac1 a5 20.Rfe1 Qb4 21.Qd5 Bxb2
22.Rb1 a4 23.Bd2 Qd4 24.Qxd4 Bxd4 25.Rxb7 Nde5 26.Rc7 Ra6 27.Bxc6 1-0

[Event "13th Africa-ch"]
[Site "Oran ALG"]
[Date "2017.07.02"]
[Round "1"]
[White "Bouzidi, Ahmed"]
[Black "Haddouche, Mohamed"]
[Result "1-0"]
[WhiteElo "2193"]
[BlackElo "2492"]
[EventDate "2017.07.02"]
[PlyCount "117"]

1.e4 e5 2.Nf3 Nc6 3.Bb5 g6 4.O-O Bg7 5.c3 a6 6.Ba4 Nge7 7.d4 exd4 8.cxd4 
b5 9.Bb3 d6 10.Bg5 h6 11.Be3 Bg4 12.h3 Bxf3 13.Qxf3 O-O 14.Rd1 Na5 15.Bc2 
Nc4 16.Bc1 Nc6 17.e5 Nb4 18.Bb3 dxe5 19.dxe5 Qh4 20.Bf4 Bxe5 21.Bxe5 Nxe5 
22.Qc3 Nbc6 23.Qc5 b4 24.Rd5 Rfe8 25.Nd2 Rad8 26.Re1 Rxd5 27.Bxd5 Rd8 28.
Bxc6 Nxc6 29.Ne4 Nd4 30.Qe5 Ne6 31.Nf6+ Kf8 32.Nd5 Qd4 33.Qxd4 Nxd4 34.
Nxc7 a5 35.Kf1 Nc2 36.Rc1 Rd2 37.Nb5 Ke7 38.a3 g5 39.g4 Kf6 40.Kg2 Ne3+ 
41.Kf3 Nd5 42.axb4 Rxb2 43.Rc5 Nxb4 44.Nc3 Rxf2+ 45.Kg3 Rf4 46.Rxa5 Rd4 
47.Rb5 Kg7 48.Kf2 Rd2+ 49.Kg1 Rd4 50.Ne2 Rd1+ 51.Kh2 Nd5 52.Ng3 Rd2+ 53.
Kh1 Rd3 54.Nh5+ Kg6 55.Kh2 Rd2+ 56.Kh1 Nc7 57.Rb8 f6 58.Rg8+ Kf7 59.Rg7+ 
1-0

[Event "13th Africa-ch"]
[Site "Oran ALG"]
[Date "2017.07.02"]
[Round "1"]
[White "Arab, Adlane"]
[Black "De Gondo, Simplice Armel"]
[Result "1-0"]
[WhiteElo "2476"]
[BlackElo "2174"]
[EventDate "2017.07.02"]
[PlyCount "43"]

1.d4 d5 2.c4 c6 3.Nf3 Nf6 4.Qc2 g6 5.Bf4 Bg7 6.e3 O-O 7.Nc3 Bf5 8.Qb3 Qb6 
9.Qa3 a5 10.Be2 Na6 11.O-O Nb4 12.Rac1 Qd8 13.Rfe1 dxc4 14.Bxc4 b5 15.Be2 
Qb6 16.Ne5 Rfd8 17.Bf3 Rac8 18.h3 Nd7 19.Nxc6 Rxc6 20.Bxc6 Qxc6 21.Qxa5 
Rc8 22.Qxb4 1-0

[Event "13th Africa-ch"]
[Site "Oran ALG"]
[Date "2017.07.02"]
[Round "1"]
[White "Ghabache, Nour-Eddine"]
[Black "El-Gindy, Essam"]
[Result "0-1"]
[WhiteElo "2168"]
[BlackElo "2448"]
[EventDate "2017.07.02"]
[PlyCount "82"]

1.d4 Nf6 2.Nf3 e6 3.c4 Bb4+ 4.Bd2 c5 5.Bxb4 cxb4 6.a3 Qe7 7.e3 b6 8.Bd3 
Bb7 9.O-O O-O 10.axb4 Qxb4 11.Nc3 d5 12.cxd5 exd5 13.Ne5 Qe7 14.f4 Nc6 15.
Qf3 Nb4 16.Bb1 Ne4 17.Qh3 f6 18.Nd3 Nxd3 19.Bxd3 f5 20.Nxe4 fxe4 21.Ba6 
Bxa6 22.Rxa6 Rac8 23.Rfa1 Rc7 24.Qh5 Qd7 25.h3 h6 26.Qg4 Rf6 27.Qh5 Kh7 
28.Qg4 Qe7 29.Qh5 Qd7 30.Qg4 Qf7 31.Kh1 Rg6 32.Qh5 Qd7 33.Qd1 Qc8 34.Qe1 
Rc2 35.Qf1 Rxb2 36.Rc1 Qd7 37.f5 Rgxg2 38.Qxg2 Rxg2 39.Kxg2 Qxf5 40.Rf1 
Qg5+ 41.Kf2 Qh5 0-1

[Event "13th Africa-ch"]
[Site "Oran ALG"]
[Date "2017.07.02"]
[Round "1"]
[White "Cawdery, Daniel"]
[Black "Boudaoud, Khaled"]
[Result "1-0"]
[WhiteElo "2426"]
[BlackElo "2139"]
[EventDate "2017.07.02"]
[PlyCount "83"]

1.e4 c5 2.Nf3 d6 3.d4 cxd4 4.Qxd4 Bd7 5.c4 Nc6 6.Qe3 Nf6 7.Be2 e6 8.O-O 
Be7 9.Nc3 O-O 10.h3 Qc7 11.b3 a6 12.Rd1 Bc8 13.Ba3 Nd7 14.Rac1 Qb8 15.Nd4 
Rd8 16.Qd2 Nde5 17.f4 Nxd4 18.fxe5 dxe5 19.Bxe7 Rd7 20.Qg5 h6 21.Qh4 b5 
22.Bc5 Nxe2+ 23.Nxe2 bxc4 24.b4 Qc7 25.Nc3 a5 26.Rxd7 Bxd7 27.Qe7 axb4 28.
Bxb4 Rc8 29.Kh1 Qa7 30.Rd1 Rc7 31.Bd6 Rb7 32.Bxe5 Kh7 33.Bd4 Qa6 34.Qf8 e5
35.Bxe5 Qg6 36.Qd6 Be6 37.Qd2 Qh5 38.Bd4 Rd7 39.Qe3 Bg4 40.Qg3 f5 41.Rd2 
Qg6 42.hxg4 1-0

[Event "13th Africa-ch"]
[Site "Oran ALG"]
[Date "2017.07.02"]
[Round "1"]
[White "Van Zyl-Rudd, Jack"]
[Black "Farahat, Ali"]
[Result "1-0"]
[WhiteElo "2125"]
[BlackElo "2420"]
[EventDate "2017.07.02"]
[PlyCount "89"]

1.d4 Nf6 2.c4 e6 3.Nf3 b6 4.a3 Bb7 5.Nc3 g6 6.e3 Bg7 7.Be2 O-O 8.O-O d5 9.
cxd5 exd5 10.b3 c5 11.Bb2 Nbd7 12.Rc1 Qe7 13.a4 Rac8 14.Ba3 Rfd8 15.a5 Ne4
16.axb6 axb6 17.Na4 Qf6 18.dxc5 bxc5 19.Bb2 Qe6 20.Bxg7 Kxg7 21.Nd2 Nef6 
22.Nf3 Ne4 23.Nd2 Nef6 24.Nf3 h6 25.Qd2 Ne4 26.Qb2+ Kg8 27.Nd2 Ndf6 28.
Nxe4 Nxe4 29.Bf3 d4 30.exd4 Rxd4 31.Nxc5 Rd2 32.Qxd2 Nxd2 33.Nxe6 Nxf1 34.
Rxc8+ Bxc8 35.Kxf1 Bxe6 36.b4 Kf8 37.Ke1 Ke7 38.Kd2 Kd6 39.Kc3 g5 40.Kd4 
Bd7 41.Kc4 f5 42.g3 g4 43.Bg2 Ke5 44.b5 Bxb5+ 45.Kxb5 1-0

[Event "13th Africa-ch"]
[Site "Oran ALG"]
[Date "2017.07.02"]
[Round "1"]
[White "Belouadah, Saad"]
[Black "El-Hadi, Hamdan Abderahmane"]
[Result "1-0"]
[WhiteElo "2400"]
[BlackElo "2082"]
[EventDate "2017.07.02"]
[PlyCount "73"]

1.Nf3 d5 2.g3 Nf6 3.Bg2 Nbd7 4.O-O e6 5.d3 Be7 6.Nbd2 O-O 7.c4 c6 8.b3 a5 
9.Bb2 Nc5 10.Qc2 b6 11.Rad1 Bb7 12.e4 Na6 13.Rfe1 a4 14.Nf1 axb3 15.axb3 
Nb4 16.Qb1 Ra2 17.Ne3 Qa8 18.e5 Nd7 19.cxd5 Nxd5 20.Nc4 c5 21.Nfd2 Nb4 22.
Bxb7 Qxb7 23.Ne4 Rfa8 24.d4 cxd4 25.Bxd4 Nc2 26.Re2 Nxd4 27.Rxa2 Rxa2 28.
Rxd4 Qa8 29.Kg2 Ra1 30.Qd3 Nc5 31.Qf3 Nxe4 32.Rxe4 Bc5 33.Nd6 Bxd6 34.exd6
Qd5 35.Rc4 Ra8 36.d7 Qxf3+ 37.Kxf3 1-0

[Event "13th Africa-ch"]
[Site "Oran ALG"]
[Date "2017.07.02"]
[Round "1"]
[White "Chipanga, Takaedza"]
[Black "Hesham, Abdelrahman"]
[Result "0-1"]
[WhiteElo "2068"]
[BlackElo "2385"]
[EventDate "2017.07.02"]
[PlyCount "82"]

1.d4 Nf6 2.c4 g6 3.Nc3 Bg7 4.e4 d6 5.f3 O-O 6.Be3 c5 7.dxc5 dxc5 8.Qxd8 
Rxd8 9.Bxc5 Nc6 10.Nd5 e6 11.Ne7+ Nxe7 12.Bxe7 Rd7 13.Ba3 Nh5 14.Rd1 Bd4 
15.Nh3 b6 16.g4 Ng7 17.Bd3 e5 18.f4 h5 19.gxh5 Nxh5 20.fxe5 Rd8 21.Nf2 
Bxe5 22.Be2 Be6 23.Rxd8+ Rxd8 24.Nd3 Bf6 25.b3 Bc3+ 26.Kf2 Nf6 27.e5 Ne4+ 
28.Kg2 Ng5 29.h4 Bf5 30.Rd1 Ne6 31.Kf1 Rd4 32.Be7 Re4 33.Nf2 Rf4 34.Bg5 
Nxg5 35.hxg5 Bd4 36.Rxd4 Rxd4 37.a3 Kf8 38.Ke1 Ke7 39.Kf1 Ke6 40.b4 Kxe5 
41.Ke1 Kf4 0-1

[Event "13th Africa-ch"]
[Site "Oran ALG"]
[Date "2017.07.02"]
[Round "1"]
[White "Mwali, Chitumbo"]
[Black "Moulay, Mehdi"]
[Result "1-0"]
[WhiteElo "2356"]
[BlackElo "2055"]
[EventDate "2017.07.02"]
[PlyCount "47"]

1.c4 e6 2.g3 Nf6 3.Bg2 d5 4.Nf3 c6 5.O-O Be7 6.b3 O-O 7.Bb2 Nbd7 8.d3 b5 
9.Nbd2 bxc4 10.dxc4 Bb7 11.Qc2 Rc8 12.Rfd1 Qe8 13.Rac1 c5 14.cxd5 exd5 15.
Nh4 Ba6 16.Nf5 c4 17.bxc4 Bc5 18.e3 dxc4 19.Qa4 Qe6 20.Bh3 Qb6 21.Bxf6 
Nxf6 22.Nxc4 Qc6 23.Qxc6 Rxc6 24.Ne5 1-0

[Event "13th Africa-ch"]
[Site "Oran ALG"]
[Date "2017.07.02"]
[Round "1"]
[White "Odendaal, Frederick"]
[Black "Boudriga, Med Ali"]
[Result "0-1"]
[WhiteElo "2038"]
[BlackElo "2348"]
[EventDate "2017.07.02"]
[PlyCount "42"]

1.c4 e6 2.Nc3 d5 3.cxd5 exd5 4.d4 c6 5.Nf3 Bd6 6.Qc2 h6 7.e3 Nf6 8.Bd3 Qe7
9.Bd2 O-O 10.h3 Re8 11.O-O-O Ne4 12.Be1 b5 13.Nd2 Nxc3 14.bxc3 Nd7 15.e4 
Nb6 16.e5 Ba3+ 17.Kb1 Rb8 18.f4 Nc4 19.Nb3 a5 20.Qf2 a4 21.Nc5 Nb2 0-1

[Event "13th Africa-ch"]
[Site "Oran ALG"]
[Date "2017.07.02"]
[Round "1"]
[White "Douissa, Oussama"]
[Black "Salhi, Nouressadat"]
[Result "1-0"]
[WhiteElo "2270"]
[BlackElo "2034"]
[EventDate "2017.07.02"]
[PlyCount "59"]

1.d4 Nf6 2.c4 c5 3.d5 b5 4.cxb5 a6 5.bxa6 Bxa6 6.Nc3 g6 7.f4 d6 8.Nf3 Bg7 
9.e4 Bxf1 10.Rxf1 Ra6 11.e5 dxe5 12.fxe5 Ng4 13.Bf4 Qb6 14.Qe2 Nd7 15.h3 
Bh6 16.Bxh6 Nxh6 17.g4 O-O 18.O-O-O Rb8 19.Rd2 Qa7 20.Qe3 Rxa2 21.Nxa2 
Qxa2 22.Kd1 Rb3 23.Qf4 Qa6 24.Rff2 Qa1+ 25.Ke2 Qa6+ 26.Ke1 Qa1+ 27.Rd1 
Qa5+ 28.Kf1 Qb5+ 29.Kg1 Kg7 30.e6 1-0

[Event "13th Africa-ch"]
[Site "Oran ALG"]
[Date "2017.07.02"]
[Round "1"]
[White "Gueroui, Nasr-Eddine"]
[Black "Phiri, Richmond"]
[Result "0-1"]
[WhiteElo "2029"]
[BlackElo "2267"]
[EventDate "2017.07.02"]
[PlyCount "108"]

1.e4 c5 2.Nf3 g6 3.c4 Bg7 4.d4 cxd4 5.Nxd4 Nc6 6.Be3 Nf6 7.Nc3 d6 8.Be2 
O-O 9.O-O Bd7 10.Qd2 Nxd4 11.Bxd4 Bc6 12.f3 Nd7 13.Bxg7 Kxg7 14.Kh1 a5 15.
b3 Qb6 16.Rab1 Rfc8 17.f4 Rf8 18.Bd3 Qd4 19.Ne2 Qf6 20.Ng3 Nc5 21.Bc2 Rad8
22.Qe3 Nd7 23.Rbe1 Qb2 24.Bb1 f6 25.Rf2 Qa3 26.Ne2 e5 27.h4 a4 28.f5 axb3 
29.axb3 Nc5 30.Bc2 Qb4 31.Rg1 Ra8 32.Rgf1 Ra2 33.Nc3 Rxc2 34.Rxc2 Qxb3 35.
Rfc1 Nxe4 36.Nd5 Qxe3 37.Nxe3 Ng3+ 38.Kh2 Nxf5 39.Nxf5+ gxf5 40.Rd2 Ra8 
41.Rcc2 Rd8 42.Rc3 Kf7 43.Rcd3 Ke6 44.Rg3 Kf7 45.Rgd3 Ke6 46.Rg3 Rd7 47.
Rg8 f4 48.h5 Kf7 49.Rh8 Ke6 50.Rg8 e4 51.Kg1 e3 52.Rb2 d5 53.cxd5+ Rxd5 
54.Kf1 Rxh5 0-1

[Event "13th Africa-ch"]
[Site "Oran ALG"]
[Date "2017.07.02"]
[Round "1"]
[White "Talbi, Chafik"]
[Black "Ounas, Abdelhak"]
[Result "1-0"]
[WhiteElo "2250"]
[BlackElo "2018"]
[EventDate "2017.07.02"]
[PlyCount "138"]

1.d4 d5 2.Bf4 Nf6 3.e3 e6 4.c4 Bd6 5.Nc3 O-O 6.Nf3 Bxf4 7.exf4 Nbd7 8.c5 
c6 9.Bd3 Qc7 10.Ne5 Ne8 11.Qc2 f5 12.Nxd7 Bxd7 13.Qd2 Nf6 14.f3 Qa5 15.a3 
Rae8 16.O-O Qc7 17.Rfe1 Nh5 18.Re5 Qd8 19.Rae1 Rf6 20.g4 Rg6 21.Kh1 Nf6 
22.g5 Nh5 23.Ne2 h6 24.Rg1 Kf7 25.Rg2 Rh8 26.Kg1 b6 27.h4 Qg8 28.Qb4 Qd8 
29.cxb6 axb6 30.Qd6 Rg8 31.Kf2 Nf6 32.Bc2 Ne8 33.Qb4 h5 34.Nc1 Bc8 35.Rg1 
Qc7 36.Rge1 c5 37.Qd2 Nd6 38.Bb3 c4 39.Bc2 Bd7 40.Ne2 Rb8 41.Qb4 Kg8 42.
Ng3 Nf7 43.Nxh5 Nxe5 44.fxe5 Kf7 45.Ng3 Rh8 46.Rh1 f4 47.Bxg6+ Kxg6 48.Ne2
Kf7 49.Nxf4 Rf8 50.h5 Kg8 51.Ng6 Rf7 52.h6 gxh6 53.gxh6 Qd8 54.Qd2 Be8 55.
h7+ Rxh7 56.Rxh7 Kxh7 57.Nf8+ Kg8 58.Qh6 Qe7 59.Nxe6 Bd7 60.Qg5+ Qxg5 61.
Nxg5 Kg7 62.Kg3 Ba4 63.Nh3 Kf7 64.Nf4 Bc6 65.Kg4 Ke7 66.Kf5 Bd7+ 67.e6 Bc6
68.Ke5 Ba4 69.Nxd5+ Ke8 1-0

[Event "13th Africa-ch"]
[Site "Oran ALG"]
[Date "2017.07.03"]
[Round "2"]
[White "Mwali, Chitumbo"]
[Black "Adly, Ahmed"]
[Result "0-1"]
[WhiteElo "2356"]
[BlackElo "2620"]
[EventDate "2017.07.02"]
[PlyCount "60"]

1.c4 e5 2.g3 f5 3.Bg2 d6 4.Nc3 Nf6 5.d3 Be7 6.e3 O-O 7.Nge2 c6 8.O-O Na6 
9.f4 Qe8 10.Rb1 e4 11.dxe4 fxe4 12.Nxe4 Bf5 13.N2c3 Qg6 14.Nxf6+ Bxf6 15.
e4 Bxc3 16.exf5 Qxf5 17.Be3 Bb4 18.Kh1 Rfe8 19.Bf2 Rad8 20.Bxa7 Bc5 21.
Bxc5 dxc5 22.Qb3 Nb4 23.Rbd1 Nd3 24.Rd2 Rd7 25.g4 Qg6 26.f5 Qd6 27.Rf3 
Re1+ 28.Bf1 Qe5 29.Rdxd3 Qe2 30.Kg1 Rxd3 0-1

[Event "13th Africa-ch"]
[Site "Oran ALG"]
[Date "2017.07.03"]
[Round "2"]
[White "Boudriga, Med Ali"]
[Black "Arab, Adlane"]
[Result "1/2-1/2"]
[WhiteElo "2348"]
[BlackElo "2476"]
[EventDate "2017.07.02"]
[PlyCount "61"]

1.e4 c5 2.Nf3 Nc6 3.Bb5 d6 4.O-O Bd7 5.c4 Nf6 6.Nc3 g6 7.Re1 Bg7 8.Bxc6 
Bxc6 9.d4 cxd4 10.Nxd4 O-O 11.b3 Qa5 12.Bb2 Rfe8 13.Qd2 Rac8 14.Rad1 a6 
15.h3 Bd7 16.a4 Bc6 17.Qe3 Qb6 18.Nxc6 Rxc6 19.Nd5 Qxe3 20.Rxe3 Nd7 21.
Bxg7 Kxg7 22.a5 Rc5 23.Ra1 Ne5 24.Rc3 Nd7 25.f3 Kf8 26.Kf2 Rec8 27.Rd3 Ne5
28.Rd2 Nd7 29.Ke2 e6 30.Nb4 Ke7 31.Nd3 1/2-1/2

[Event "13th Africa-ch"]
[Site "Oran ALG"]
[Date "2017.07.03"]
[Round "2"]
[White "El-Gindy, Essam"]
[Black "Douissa, Oussama"]
[Result "1-0"]
[WhiteElo "2448"]
[BlackElo "2270"]
[EventDate "2017.07.02"]
[PlyCount "132"]

1.d4 Nf6 2.c4 g6 3.Nc3 Bg7 4.e4 d6 5.h3 O-O 6.Be3 c5 7.dxc5 Qa5 8.Bd3 dxc5
9.e5 Nfd7 10.f4 Nc6 11.Nf3 Nb6 12.O-O Be6 13.Nd2 Nd7 14.Nb3 Qc7 15.Nd5 
Bxd5 16.cxd5 Ncxe5 17.fxe5 Qxe5 18.Re1 Qxb2 19.Bb5 Rfd8 20.Re2 Qf6 21.Rc1 
b6 22.Qd2 Qd6 23.Bf4 Be5 24.Bxe5 Nxe5 25.Qe3 f6 26.Rd2 Rac8 27.Qe2 Kf8 28.
Kh1 e6 29.Rcd1 exd5 30.Rxd5 Qxd5 31.Rxd5 Rxd5 32.Nd2 c4 33.Ba6 c3 34.Nb3 
Rc7 35.Qc2 Nf7 36.Kh2 Nd6 37.Bd3 Kg7 38.Qe2 Re5 39.Qf2 Nb5 40.Qf1 a6 41.a4
Nd6 42.Qf2 Rc6 43.Nd4 Rcc5 44.a5 Rxa5 45.Nc6 Rac5 46.Nxe5 fxe5 47.Qa2 e4 
48.Bc2 Re5 49.Qa1 Nb5 50.Ba4 e3 51.Bxb5 axb5 52.Qxc3 Kf6 53.Qc6+ Re6 54.
Qf3+ Ke7 55.Qe2 b4 56.Kg1 h5 57.Kf1 b3 58.Ke1 b2 59.Qxb2 e2 60.Qd4 Ke8 61.
Qg7 b5 62.Qb7 b4 63.Qxb4 Kf7 64.Qc4 Kf6 65.Qd5 Re5 66.Qd6+ Re6 1-0

[Event "13th Africa-ch"]
[Site "Oran ALG"]
[Date "2017.07.03"]
[Round "2"]
[White "Phiri, Richmond"]
[Black "Cawdery, Daniel"]
[Result "1/2-1/2"]
[WhiteElo "2267"]
[BlackElo "2426"]
[EventDate "2017.07.02"]
[PlyCount "39"]

1.d4 d5 2.Nf3 Nf6 3.c4 dxc4 4.e3 e6 5.Bxc4 c5 6.O-O a6 7.Qe2 b5 8.Bd3 Bb7 
9.dxc5 Nc6 10.a3 Bxc5 11.b4 Be7 12.Bb2 O-O 13.Nbd2 Qb6 14.Nb3 Rfd8 15.Rfd1
Rac8 16.Rac1 Ba8 17.Ba1 Bb7 18.Bb2 Ba8 19.Ba1 Bb7 20.Bb2 1/2-1/2

[Event "13th Africa-ch"]
[Site "Oran ALG"]
[Date "2017.07.03"]
[Round "2"]
[White "Talbi, Chafik"]
[Black "Belouadah, Saad"]
[Result "1-0"]
[WhiteElo "2250"]
[BlackElo "2400"]
[EventDate "2017.07.02"]
[PlyCount "65"]

1.d4 Nf6 2.c4 d6 3.Nc3 g6 4.Nf3 Bg7 5.e4 O-O 6.h3 c6 7.Be3 a6 8.Be2 b5 9.
Nd2 e5 10.dxe5 dxe5 11.O-O Be6 12.Qc2 Qe7 13.Nb3 Nbd7 14.Rfd1 Rfc8 15.a3 
Rab8 16.Na5 b4 17.Na4 Bf8 18.axb4 Qxb4 19.Bd2 Qd6 20.c5 Nxc5 21.Be3 Qxd1+ 
22.Bxd1 Ncxe4 23.Bf3 Bd5 24.Nb6 h6 25.Nxc8 Rxc8 26.Nc4 Re8 27.Rxa6 Ng5 28.
Bxg5 hxg5 29.Bxd5 Nxd5 30.Qa4 e4 31.Rxc6 Rb8 32.Qa7 Re8 33.Qd7 1-0

[Event "13th Africa-ch"]
[Site "Oran ALG"]
[Date "2017.07.03"]
[Round "2"]
[White "Hesham, Abdelrahman"]
[Black "Bouzidi, Ahmed"]
[Result "1/2-1/2"]
[WhiteElo "2385"]
[BlackElo "2193"]
[EventDate "2017.07.02"]
[PlyCount "66"]

1.d4 Nf6 2.c4 e6 3.Nf3 b6 4.g3 Bb7 5.Bg2 Be7 6.O-O O-O 7.Re1 Ne4 8.Nfd2 f5
9.d5 Bb4 10.a3 Bxd2 11.Nxd2 exd5 12.cxd5 Qe7 13.Nxe4 fxe4 14.Qd4 Na6 15.
Qxe4 Qf7 16.Qf4 Qg6 17.Qc4 Qf7 18.Bf4 c6 19.Qa2 cxd5 20.Rad1 g5 21.Bd6 
Qxf2+ 22.Kh1 Rfe8 23.Rf1 Qxe2 24.Qb3 Re3 25.Bxd5+ Kg7 26.Be5+ Kh6 27.Bc3 
Nc5 28.Qa2 Rd3 29.Rf6+ Kh5 30.g4+ Qxg4 31.Rxd3 Nxd3 32.Bxb7 Qd1+ 33.Kg2 
Qg4+ 1/2-1/2

[Event "13th Africa-ch"]
[Site "Oran ALG"]
[Date "2017.07.03"]
[Round "2"]
[White "Amin, Bassem"]
[Black "Van Zyl-Rudd, Jack"]
[Result "1-0"]
[WhiteElo "2672"]
[BlackElo "2125"]
[EventDate "2017.07.02"]
[PlyCount "29"]

1.e4 e5 2.Nf3 Nf6 3.Nc3 Nc6 4.Bb5 Bc5 5.O-O O-O 6.d3 d6 7.Bg5 h6 8.Bh4 Be6
9.Na4 Bb6 10.c3 g5 11.Nxb6 axb6 12.Nxg5 hxg5 13.Bxg5 Ra5 14.Bxc6 bxc6 15.
b4 1-0

[Event "13th Africa-ch"]
[Site "Oran ALG"]
[Date "2017.07.03"]
[Round "2"]
[White "Haddouche, Mohamed"]
[Black "Bengherabi, Khalil"]
[Result "1-0"]
[WhiteElo "2492"]
[BlackElo "2230"]
[EventDate "2017.07.02"]
[PlyCount "58"]

1.e4 c5 2.Nf3 d6 3.d4 cxd4 4.Nxd4 Nf6 5.Nc3 g6 6.Be2 Bg7 7.O-O O-O 8.Re1 
Nc6 9.Nb3 a6 10.Bg5 b5 11.Bf1 Re8 12.Qd2 Bb7 13.a4 b4 14.Nd5 Nxd5 15.exd5 
Nb8 16.Rad1 f6 17.Be3 a5 18.Bb5 Rf8 19.c3 bxc3 20.bxc3 Nd7 21.c4 Bc8 22.
Nd4 Ne5 23.f4 Ng4 24.Nc6 Qc7 25.Bd4 e5 26.dxe6 Bb7 27.Nxa5 Ba6 28.e7 Bxb5 
29.axb5 Nh6 1-0

[Event "13th Africa-ch"]
[Site "Oran ALG"]
[Date "2017.07.03"]
[Round "2"]
[White "Farahat, Ali"]
[Black "Chipanga, Takaedza"]
[Result "0-1"]
[WhiteElo "2420"]
[BlackElo "2068"]
[EventDate "2017.07.02"]
[PlyCount "70"]

1.d4 d5 2.c4 dxc4 3.Nf3 Nf6 4.e3 e6 5.Bxc4 c5 6.O-O a6 7.Bb3 Nc6 8.Qe2 Qc7
9.Nc3 Be7 10.Bd2 O-O 11.Rac1 Bd7 12.dxc5 Bxc5 13.Nd5 exd5 14.Rxc5 Qd6 15.
Rcc1 Bg4 16.h3 Bh5 17.Bc3 Rad8 18.Rfd1 Rfe8 19.Bxf6 Qxf6 20.g4 Bg6 21.Rxd5
Be4 22.Rxd8 Rxd8 23.Ne1 Qh4 24.Kh2 h5 25.Rc4 hxg4 26.Rxe4 g3+ 27.fxg3 Qxe4
28.Nf3 Ne5 29.Nxe5 Qxe5 30.h4 Re8 31.Qf2 Re7 32.Kg2 g6 33.Qc2 Kg7 34.Qd2 
Qxe3 35.Qxe3 Rxe3 0-1

[Event "13th Africa-ch"]
[Site "Oran ALG"]
[Date "2017.07.03"]
[Round "2"]
[White "Silva, David"]
[Black "Moulay, Mehdi"]
[Result "1-0"]
[WhiteElo "2205"]
[BlackElo "2055"]
[EventDate "2017.07.02"]
[PlyCount "71"]

1.e4 e5 2.Nf3 Nc6 3.Bc4 Bc5 4.b4 Bxb4 5.c3 Be7 6.d4 d6 7.dxe5 Nxe5 8.Nxe5 
dxe5 9.Qh5 g6 10.Qxe5 f6 11.Qb5+ Kf8 12.Qb3 Kg7 13.O-O c6 14.a4 Nh6 15.Nd2
Ng4 16.Nf3 Qc7 17.Be6 Bd6 18.h3 Bxe6 19.Qxe6 Ne5 20.Nd4 Rhe8 21.Qa2 Qf7 
22.Qc2 Qc4 23.Rb1 Re7 24.Rd1 Nf7 25.Qb3 Qxb3 26.Rxb3 Rd8 27.Kf1 c5 28.Nb5 
Rxe4 29.Be3 Be7 30.Rxd8 Nxd8 31.Nxa7 Rxa4 32.Nc8 c4 33.Rb5 Kf7 34.Bd4 Ra3 
35.Nxe7 Kxe7 36.Bc5+ 1-0

[Event "13th Africa-ch"]
[Site "Oran ALG"]
[Date "2017.07.03"]
[Round "2"]
[White "De Gondo, Simplice Armel"]
[Black "Odendaal, Frederick"]
[Result "0-1"]
[WhiteElo "2174"]
[BlackElo "2038"]
[EventDate "2017.07.02"]
[PlyCount "118"]

1.e4 c6 2.c4 d5 3.exd5 cxd5 4.cxd5 Nf6 5.Qa4+ Nbd7 6.Nc3 g6 7.Nf3 Bg7 8.
Qb3 O-O 9.Bc4 a6 10.a4 Qa5 11.O-O b5 12.Be2 Nc5 13.Qa2 b4 14.d4 bxc3 15.
dxc5 Qxc5 16.Be3 Qxd5 17.Bc4 Qa5 18.bxc3 Bf5 19.Bd4 Be4 20.Ne5 Bd5 21.Bxd5
Qxd5 22.Qe2 Ne4 23.f3 Nxc3 24.Bxc3 Qc5+ 25.Kh1 Qxc3 26.Nd7 Rfe8 27.Rab1 a5
28.Rfc1 Qd4 29.Qb5 Qf4 30.Rc4 Qd2 31.Rc5 e6 32.Rc7 Rad8 33.Nc5 Be5 34.Rd7 
Qf4 35.Kg1 Qxh2+ 36.Kf2 Qh4+ 37.Ke2 Qg3 38.Kf1 Rc8 39.Rbd1 Qh2 40.Ne4 Rc2 
41.R7d2 Rec8 42.Qxa5 Bf4 43.Rxc2 Qh1+ 44.Kf2 Rxc2+ 45.Rd2 Qh4+ 46.Kf1 Bxd2
47.Nxd2 Qd4 48.Ke2 Ra2 49.Qg5 Rxa4 50.g4 Ra2 51.Qe3 Rxd2+ 52.Qxd2 Qxd2+ 
53.Kxd2 h5 54.Ke3 Kg7 55.Kf4 hxg4 56.fxg4 f5 57.Ke5 Kh6 58.Kf4 g5+ 59.Ke5 
f4 0-1

[Event "13th Africa-ch"]
[Site "Oran ALG"]
[Date "2017.07.03"]
[Round "2"]
[White "Salhi, Nouressadat"]
[Black "Ghabache, Nour-Eddine"]
[Result "1-0"]
[WhiteElo "2034"]
[BlackElo "2168"]
[EventDate "2017.07.02"]
[PlyCount "59"]

1.e4 c5 2.Nf3 Nc6 3.d4 cxd4 4.Nxd4 g6 5.Nc3 Bg7 6.Be3 Nf6 7.Nxc6 bxc6 8.
Bc4 Qa5 9.O-O O-O 10.Qd2 Qb4 11.b3 Ng4 12.Nd5 Qxd2 13.Nxe7+ Kh8 14.Bxd2 
Bxa1 15.Rxa1 f6 16.Be2 Ne5 17.f4 Nf7 18.Bc3 Nd6 19.e5 Ne4 20.Bb2 Kg7 21.
Rd1 Rf7 22.exf6+ Nxf6 23.Nxc8 Rxc8 24.Rd6 h5 25.Bc4 Rff8 26.Kf2 c5 27.Bd5 
Rb8 28.Bc4 Rb6 29.Rxd7+ Kh6 30.Rxa7 1-0

[Event "13th Africa-ch"]
[Site "Oran ALG"]
[Date "2017.07.03"]
[Round "2"]
[White "Boudaoud, Khaled"]
[Black "Gueroui, Nasr-Eddine"]
[Result "0-1"]
[WhiteElo "2139"]
[BlackElo "2029"]
[EventDate "2017.07.02"]
[PlyCount "108"]

1.e4 c5 2.Nf3 d6 3.d4 cxd4 4.Nxd4 Nf6 5.Nc3 a6 6.Bg5 e6 7.f4 Qc7 8.Qf3 Be7
9.O-O-O Bd7 10.Bd3 Nc6 11.Nb3 Rc8 12.Kb1 Nb4 13.Be2 d5 14.Bxf6 Bxf6 15.e5 
Be7 16.Rd2 b5 17.Bd1 Nc6 18.Qg3 O-O 19.Ne2 a5 20.Nbd4 b4 21.Nxc6 Qxc6 22.
Nd4 Qb6 23.h4 a4 24.h5 b3 25.cxb3 a3 26.h6 g6 27.bxa3 Bxa3 28.Nc2 Be7 29.
Be2 Qa5 30.Rhd1 Rc7 31.Nd4 Rfc8 32.Qd3 Bc5 33.Qa6 Qb4 34.Qd3 Qa3 35.Nc2 
Qa8 36.g4 Be7 37.g5 Bc5 38.Nd4 Bxd4 39.Qxd4 Qa3 40.Qb2 Qc5 41.Rd4 Qb6 42.
R4d2 Rc3 43.Qa3 Qc7 44.Bd3 Qc6 45.Qb2 Qc5 46.Re1 Qb4 47.Rf1 Qd4 48.Bxg6 
Qe3 49.Bc2 Bb5 50.Rfd1 Qxf4 51.Ka1 Qxe5 52.Bb1 Re3 53.Rd4 Re2 54.Rc1 Rxc1 
0-1

[Event "13th Africa-ch"]
[Site "Oran ALG"]
[Date "2017.07.03"]
[Round "2"]
[White "El-Hadi, Hamdan Abderahmane"]
[Black "Ounas, Abdelhak"]
[Result "1-0"]
[WhiteElo "2082"]
[BlackElo "2018"]
[EventDate "2017.07.02"]
[PlyCount "51"]

1.d4 d5 2.c4 c6 3.Nf3 Nf6 4.Nc3 e6 5.Bg5 Be7 6.e3 Nbd7 7.Bd3 O-O 8.O-O 
dxc4 9.Bxc4 b5 10.Bd3 Bb7 11.Qe2 Nd5 12.Bxe7 Nxc3 13.Bxh7+ Kh8 14.bxc3 
Qxe7 15.Bd3 a6 16.Ne5 Nf6 17.f4 Kg8 18.Rf3 Rfd8 19.Raf1 c5 20.Rh3 b4 21.
Bh7+ Kf8 22.Bg6 Qc7 23.Nxf7 Ke7 24.Nxd8 Rxd8 25.Qc4 bxc3 26.Qxc3 1-0

[Event "13th Africa-ch"]
[Site "Oran ALG"]
[Date "2017.07.04"]
[Round "3"]
[White "Adly, Ahmed"]
[Black "El-Gindy, Essam"]
[Result "1/2-1/2"]
[WhiteElo "2620"]
[BlackElo "2448"]
[EventDate "2017.07.02"]
[PlyCount "114"]

1.d4 Nf6 2.c4 g6 3.Nf3 Bg7 4.g3 O-O 5.Bg2 c6 6.O-O d5 7.cxd5 cxd5 8.Nc3 
Nc6 9.Ne5 Bf5 10.Nxc6 bxc6 11.Bf4 Nd7 12.Rc1 Qb6 13.Na4 Qb5 14.b3 e5 15.
dxe5 Nxe5 16.Rc5 Qa6 17.Bxe5 Bxe5 18.e4 Be6 19.exd5 cxd5 20.Bxd5 Rad8 21.
Qf3 Bh3 22.Re1 Bd4 23.Bc4 Qf6 24.Qxf6 Bxf6 25.Bf1 Bf5 26.Nc3 Rd2 27.Re2 
Rfd8 28.g4 Bxg4 29.Rxd2 Rxd2 30.Ne4 Bd4 31.Nxd2 Bxc5 32.Ne4 Be7 33.b4 Kf8 
34.b5 Be6 35.a4 Bb4 36.Ng5 Bb3 37.Nxh7+ Ke7 38.Ng5 Bxa4 39.Bc4 f6 40.Ne4 
Bc2 41.f3 f5 42.Ng5 Kf6 43.f4 Bd6 44.Ne6 Be4 45.Kf2 Bb7 46.Kg3 Bc8 47.Ng5 
Bb4 48.Nf3 Bc3 49.Ng5 Bd7 50.Kf3 Bd2 51.Nf7 Bb4 52.Ne5 Be8 53.Nc6 Bc5 54.
Bd5 Bb6 55.h4 Kg7 56.Kg3 Kh6 57.Kf3 Bc5 1/2-1/2